000
00205nam a22000857a 4500
008
170118b xxu||||| |||| 00| 0 eng d
100
_9
2477
_a
Khattri.S.
245
_a
English Grammar-2
260
_a
U.P.
_b
BMI
_c
2010
999
_c
5542
_d
5542